[Event "Open"]
[Site "Tallinn, EE"]
[Date "2024.12.13"]
[Round "1.2"]
[White "Vorobjov, Pavel"]
[Black "Rychagov, Nikita"]
[Result "1-0"]
[Board "7"]
[WhiteFideId "4500989"]
[BlackFideId "4508394"]
[BlackTitle "CM"]
[WhiteElo "2231"]
[BlackElo "2240"]
[WhiteTeam "EST"]
[BlackTeam "EST"]
[WhiteClock "0:15:46"]
[BlackClock "0:25:23"]
[Variant "Standard"]

1. d4 {[%clk 1:30:57]}  d5 {[%clk 1:30:56]} 2. c4 {[%clk 1:31:21]}  e6 {[%clk 1:31:22]} 3. g3 {[%clk 1:31:27]}  Nf6 {[%clk 1:31:05]} 4. Bg2 {[%clk 1:31:33]}  dxc4 {[%clk 1:29:48]} 5. Qa4+ {[%clk 1:29:01]}  Bd7 {[%clk 1:19:19]} 6. Qxc4 {[%clk 1:23:04]}  Bc6 {[%clk 1:19:45]} 7. Nf3 {[%clk 1:20:41]}  Nbd7 {[%clk 1:19:30]} 8. Nc3 {[%clk 1:17:00]}  Be7 {[%clk 1:19:13]} 9. O-O {[%clk 1:16:59]}  O-O {[%clk 1:19:31]} 10. Rd1 {[%clk 1:16:07]}  a5 {[%clk 1:11:28]} 11. Qd3 {[%clk 1:06:40]}  Bxf3 {[%clk 1:06:57]} 12. Qxf3 {[%clk 1:05:04]}  c6 {[%clk 1:07:20]} 13. e4 {[%clk 1:01:58]}  Qb6 {[%clk 1:03:40]} 14. Bg5 {[%clk 0:58:54]}  h6 {[%clk 1:03:00]} 15. Bf4 {[%clk 0:57:39]}  a4 {[%clk 1:01:15]} 16. Rab1 {[%clk 0:48:53]}  Rfe8 {[%clk 0:57:39]} 17. h3 {[%clk 0:48:38]}  Bf8 {[%clk 0:56:17]} 18. Be3 {[%clk 0:42:56]}  Qa5 {[%clk 0:55:24]} 19. Bd2 {[%clk 0:36:25]}  Qa7 {[%clk 0:53:20]} 20. Kh2 {[%clk 0:34:16]}  e5 {[%clk 0:52:34]} 21. dxe5 {[%clk 0:33:04]}  Nxe5 {[%clk 0:52:56]} 22. Qe2 {[%clk 0:33:10]}  Qc5 {[%clk 0:42:25]} 23. f4 {[%clk 0:30:42]}  Nc4 {[%clk 0:42:22]} 24. Be1 {[%clk 0:29:47]}  b5 {[%clk 0:39:31]} 25. e5 {[%clk 0:27:56]}  Rac8 {[%clk 0:38:51]} 26. b3 {[%clk 0:24:31]}  axb3 {[%clk 0:38:46]} 27. axb3 {[%clk 0:24:55]}  Nb6 {[%clk 0:35:35]} 28. Bf2 {[%clk 0:20:03]}  Qxc3 {[%clk 0:35:59]} 29. Bxb6 {[%clk 0:20:23]}  Nd5 {[%clk 0:34:45]} 30. Rd3 {[%clk 0:18:16]}  Qb4 {[%clk 0:34:35]} 31. Bxd5 {[%clk 0:16:37]}  cxd5 {[%clk 0:35:01]} 32. Rxd5 {[%clk 0:16:42]}  Rc6 {[%clk 0:26:13]} 33. Rxb5 {[%clk 0:14:50]}  Qa3 {[%clk 0:26:32]} 34. Ra5 {[%clk 0:13:49]}  Qb4 {[%clk 0:26:55]} 35. Rb5 {[%clk 0:14:03]}  Qa3 {[%clk 0:27:23]} 36. Bf2 {[%clk 0:12:12]}  Rec8 {[%clk 0:26:29]} 37. Rb2 {[%clk 0:12:40]}  Qa1 {[%clk 0:25:24]} 38. Ra2 {[%clk 0:11:25]}  Qb1 {[%clk 0:25:46]} 39. Rb2 {[%clk 0:10:40]}  Qa1 {[%clk 0:25:44]} 40. Rd2 {[%clk 0:20:05]}  Rc1 {[%clk 0:40:47]} 41. Rbd5 {[%clk 0:18:24]}  Rh1+ {[%clk 0:38:28]} 42. Kg2 {[%clk 0:18:52]}  Rcc1 {[%clk 0:34:11]} 43. Rd8 {[%clk 0:18:14]}  Qb1 {[%clk 0:29:42]} 44. Qd3 {[%clk 0:17:24]}  Rcg1+ {[%clk 0:27:51]} 45. Kf3 {[%clk 0:16:22]}  f5 {[%clk 0:25:21]} 46. Qxb1 {[%clk 0:15:00]}  Rxb1 {[%clk 0:25:45]} 47. e6 {[%clk 0:15:18]}  Rxb3+ {[%clk 0:25:23]} 48. Kg2 {[%clk 0:15:46]} 1-0

[Event "Open"]
[Site "Tallinn, EE"]
[Date "2024.12.13"]
[Round "1.3"]
[White "Rychagov, Nikita"]
[Black "Vorobjov, Pavel"]
[Result "1-0"]
[Board "7"]
[WhiteFideId "4508394"]
[BlackFideId "4500989"]
[WhiteTitle "CM"]
[WhiteElo "2240"]
[BlackElo "2231"]
[WhiteTeam "EST"]
[BlackTeam "EST"]
[WhiteClock "0:03:06"]
[BlackClock "0:01:02"]
[Variant "Standard"]

1. e4 {[%clk 0:15:05]}  c5 {[%clk 0:15:04]} 2. Nf3 {[%clk 0:15:08]}  d6 {[%clk 0:15:06]} 3. d4 {[%clk 0:15:10]}  cxd4 {[%clk 0:15:06]} 4. Nxd4 {[%clk 0:15:12]}  Nf6 {[%clk 0:15:06]} 5. Nc3 {[%clk 0:15:15]}  a6 {[%clk 0:15:07]} 6. Be3 {[%clk 0:15:17]}  e5 {[%clk 0:14:55]} 7. Nb3 {[%clk 0:15:19]}  Be7 {[%clk 0:14:50]} 8. f3 {[%clk 0:15:21]}  O-O {[%clk 0:14:41]} 9. Qd2 {[%clk 0:15:22]}  Nc6 {[%clk 0:14:26]} 10. Nd5 {[%clk 0:15:08]}  Nxd5 {[%clk 0:13:47]} 11. exd5 {[%clk 0:15:10]}  Nb8 {[%clk 0:13:40]} 12. Be2 {[%clk 0:14:54]}  Bf5 {[%clk 0:13:20]} 13. O-O {[%clk 0:14:07]}  Nd7 {[%clk 0:13:09]} 14. Na5 {[%clk 0:13:15]}  Qc7 {[%clk 0:11:10]} 15. c4 {[%clk 0:13:17]}  Bd8 {[%clk 0:10:56]} 16. b4 {[%clk 0:13:19]}  Re8 {[%clk 0:09:18]} 17. Rac1 {[%clk 0:12:40]}  Nf6 {[%clk 0:09:13]} 18. h3 {[%clk 0:10:35]}  Qd7 {[%clk 0:07:58]} 19. Nb3 {[%clk 0:10:12]}  b6 {[%clk 0:07:47]} 20. Rfd1 {[%clk 0:10:02]}  h6 {[%clk 0:07:43]} 21. c5 {[%clk 0:09:54]}  bxc5 {[%clk 0:06:35]} 22. bxc5 {[%clk 0:09:56]}  dxc5 {[%clk 0:06:30]} 23. Nxc5 {[%clk 0:09:14]}  Qd6 {[%clk 0:06:31]} 24. Nb7 {[%clk 0:08:10]}  Qd7 {[%clk 0:06:33]} 25. Na5 {[%clk 0:07:55]}  e4 {[%clk 0:05:08]} 26. f4 {[%clk 0:07:57]}  Bxh3 {[%clk 0:05:02]} 27. Nc4 {[%clk 0:05:44]}  Bg4 {[%clk 0:04:32]} 28. Ne5 {[%clk 0:05:45]}  Qf5 {[%clk 0:04:33]} 29. d6 {[%clk 0:05:07]}  Bxe2 {[%clk 0:04:15]} 30. Qxe2 {[%clk 0:05:09]}  Nd7 {[%clk 0:04:02]} 31. Nxd7 {[%clk 0:04:12]}  Qxd7 {[%clk 0:04:03]} 32. Qc4 {[%clk 0:04:10]}  Bf6 {[%clk 0:02:32]} 33. Qd5 {[%clk 0:04:12]}  Rad8 {[%clk 0:01:41]} 34. Bb6 {[%clk 0:03:30]}  Rc8 {[%clk 0:01:13]} 35. Rc7 {[%clk 0:03:12]}  Rxc7 {[%clk 0:01:13]} 36. dxc7 {[%clk 0:03:14]}  Qb5 {[%clk 0:01:07]} 37. Qxb5 {[%clk 0:03:13]}  axb5 {[%clk 0:01:02]} 38. Rd8 {[%clk 0:03:06]} 1-0

[Event "Open"]
[Site "Tallinn, EE"]
[Date "2024.12.13"]
[Round "1.4"]
[White "Vorobjov, Pavel"]
[Black "Rychagov, Nikita"]
[Result "0-1"]
[Board "7"]
[WhiteFideId "4500989"]
[BlackFideId "4508394"]
[BlackTitle "CM"]
[WhiteElo "2231"]
[BlackElo "2240"]
[WhiteTeam "EST"]
[BlackTeam "EST"]
[WhiteClock "0:00:23"]
[BlackClock "0:01:09"]
[Variant "Standard"]

1. d4 {[%clk 0:15:05]}  d5 {[%clk 0:15:06]} 2. c4 {[%clk 0:15:07]}  dxc4 {[%clk 0:15:08]} 3. e3 {[%clk 0:14:59]}  Nf6 {[%clk 0:15:08]} 4. Bxc4 {[%clk 0:14:59]}  e6 {[%clk 0:15:10]} 5. Nf3 {[%clk 0:14:52]}  c5 {[%clk 0:15:11]} 6. Nc3 {[%clk 0:14:50]}  a6 {[%clk 0:15:10]} 7. a4 {[%clk 0:14:47]}  Nc6 {[%clk 0:14:56]} 8. O-O {[%clk 0:14:44]}  Be7 {[%clk 0:14:50]} 9. Qe2 {[%clk 0:14:43]}  cxd4 {[%clk 0:14:33]} 10. Rd1 {[%clk 0:14:35]}  O-O {[%clk 0:14:26]} 11. exd4 {[%clk 0:14:34]}  Nb4 {[%clk 0:14:28]} 12. Bg5 {[%clk 0:14:04]}  h6 {[%clk 0:14:24]} 13. Bd2 {[%clk 0:12:32]}  Bd7 {[%clk 0:14:15]} 14. Rac1 {[%clk 0:12:14]}  Rc8 {[%clk 0:14:13]} 15. Ne5 {[%clk 0:12:10]}  Be8 {[%clk 0:13:52]} 16. Ng6 {[%clk 0:11:13]}  fxg6 {[%clk 0:13:28]} 17. Bxe6+ {[%clk 0:11:13]}  Kh7 {[%clk 0:12:10]} 18. Bxc8 {[%clk 0:11:05]}  Bd6 {[%clk 0:12:11]} 19. Bxb7 {[%clk 0:10:04]}  Qb8 {[%clk 0:11:42]} 20. Bf3 {[%clk 0:09:54]}  Bxh2+ {[%clk 0:11:43]} 21. Kh1 {[%clk 0:09:48]}  Bd6 {[%clk 0:11:44]} 22. Ne4 {[%clk 0:08:49]}  Nxe4 {[%clk 0:11:42]} 23. Bxe4 {[%clk 0:08:40]}  Qd8 {[%clk 0:11:26]} 24. g3 {[%clk 0:08:19]}  Bxa4 {[%clk 0:11:11]} 25. Re1 {[%clk 0:07:30]}  Bb5 {[%clk 0:10:55]} 26. Qg4 {[%clk 0:06:46]}  Qf6 {[%clk 0:10:51]} 27. Be3 {[%clk 0:06:40]}  Nd3 {[%clk 0:10:39]} 28. Bxd3 {[%clk 0:06:26]}  Bxd3 {[%clk 0:10:41]} 29. d5 {[%clk 0:04:46]}  h5 {[%clk 0:10:21]} 30. Qh3 {[%clk 0:03:54]}  Be4+ {[%clk 0:09:09]} 31. Kg1 {[%clk 0:03:47]}  Qf3 {[%clk 0:08:20]} 32. Rc6 {[%clk 0:02:26]}  Bb4 {[%clk 0:08:23]} 33. Ra1 {[%clk 0:02:14]}  Rd8 {[%clk 0:04:54]} 34. Rcxa6 {[%clk 0:01:52]}  Rxd5 {[%clk 0:04:54]} 35. Ra7 {[%clk 0:01:30]}  Bf8 {[%clk 0:03:08]} 36. Re1 {[%clk 0:00:53]}  h4 {[%clk 0:02:49]} 37. Bf4 {[%clk 0:00:30]}  Bc5 {[%clk 0:02:18]} 38. Be3 {[%clk 0:00:18]}  Bxa7 {[%clk 0:01:38]} 39. Bxa7 {[%clk 0:00:20]}  Rh5 {[%clk 0:01:26]} 40. Re3 {[%clk 0:00:19]}  Qd1+ {[%clk 0:01:14]} 41. Qf1 {[%clk 0:00:21]}  Qxf1+ {[%clk 0:01:12]} 42. Kxf1 {[%clk 0:00:23]}  h3 {[%clk 0:01:09]} 0-1

[Event "Open"]
[Site "Tallinn, EE"]
[Date "2024.12.12"]
[Round "1.1"]
[White "Kull, Tormi"]
[Black "Kukk, Sander"]
[Result "1/2-1/2"]
[Board "8"]
[WhiteFideId "4510151"]
[BlackFideId "4502094"]
[WhiteTitle "CM"]
[WhiteElo "2233"]
[BlackElo "2234"]
[WhiteTeam "EST"]
[BlackTeam "EST"]
[WhiteClock "0:14:32"]
[BlackClock "0:15:47"]
[Variant "Standard"]

1. c4 {[%clk 1:30:57]}  e5 {[%clk 1:30:55]} 2. g3 {[%clk 1:31:19]}  Nc6 {[%clk 1:31:07]} 3. Bg2 {[%clk 1:31:40]}  Nf6 {[%clk 1:31:23]} 4. d3 {[%clk 1:31:36]}  g6 {[%clk 1:30:47]} 5. Nc3 {[%clk 1:31:03]}  Bg7 {[%clk 1:31:01]} 6. e3 {[%clk 1:27:50]}  O-O {[%clk 1:30:21]} 7. Nge2 {[%clk 1:28:13]}  d6 {[%clk 1:29:53]} 8. O-O {[%clk 1:28:27]}  Be6 {[%clk 1:27:26]} 9. Nd5 {[%clk 1:23:39]}  Bxd5 {[%clk 1:17:26]} 10. cxd5 {[%clk 1:23:51]}  Ne7 {[%clk 1:17:54]} 11. e4 {[%clk 1:16:42]}  c6 {[%clk 1:17:16]} 12. dxc6 {[%clk 1:16:27]}  bxc6 {[%clk 1:17:35]} 13. d4 {[%clk 1:15:55]}  d5 {[%clk 1:09:46]} 14. exd5 {[%clk 1:09:10]}  Nfxd5 {[%clk 1:10:09]} 15. dxe5 {[%clk 1:04:28]}  Bxe5 {[%clk 1:10:30]} 16. a3 {[%clk 1:04:49]}  Qb6 {[%clk 1:09:49]} 17. Rb1 {[%clk 1:01:07]}  Rfd8 {[%clk 1:03:11]} 18. Qc2 {[%clk 1:01:14]}  Rab8 {[%clk 0:49:03]} 19. b4 {[%clk 0:59:53]}  Qb5 {[%clk 0:43:58]} 20. Re1 {[%clk 0:56:32]}  Rd7 {[%clk 0:41:55]} 21. Bg5 {[%clk 0:50:49]}  Bg7 {[%clk 0:33:06]} 22. Bh3 {[%clk 0:34:57]}  Rdb7 {[%clk 0:31:40]} 23. Qd2 {[%clk 0:31:02]}  Qa4 {[%clk 0:30:23]} 24. Qd3 {[%clk 0:27:46]}  Qb5 {[%clk 0:30:04]} 25. Qe4 {[%clk 0:24:54]}  h6 {[%clk 0:28:46]} 26. Bd2 {[%clk 0:24:25]}  Qa4 {[%clk 0:26:26]} 27. Qd3 {[%clk 0:23:05]}  Qb5 {[%clk 0:25:29]} 28. Nc1 {[%clk 0:21:27]}  a5 {[%clk 0:19:39]} 29. Qxb5 {[%clk 0:21:10]}  Rxb5 {[%clk 0:20:01]} 30. Nd3 {[%clk 0:21:13]}  axb4 {[%clk 0:20:13]} 31. axb4 {[%clk 0:21:19]}  Bc3 {[%clk 0:20:24]} 32. Bxc3 {[%clk 0:20:20]}  Nxc3 {[%clk 0:20:41]} 33. Rbc1 {[%clk 0:20:16]}  Ncd5 {[%clk 0:19:12]} 34. Bg2 {[%clk 0:18:48]}  R8b7 {[%clk 0:17:38]} 35. Rc4 {[%clk 0:17:34]}  Kf8 {[%clk 0:16:55]} 36. Rec1 {[%clk 0:14:32]}  Nxb4 {[%clk 0:15:47]} 1/2-1/2

[Event "Open"]
[Site "Tallinn, EE"]
[Date "2024.12.13"]
[Round "1.2"]
[White "Kukk, Sander"]
[Black "Kull, Tormi"]
[Result "0-1"]
[Board "8"]
[WhiteFideId "4502094"]
[BlackFideId "4510151"]
[BlackTitle "CM"]
[WhiteElo "2234"]
[BlackElo "2233"]
[WhiteTeam "EST"]
[BlackTeam "EST"]
[WhiteClock "0:22:16"]
[BlackClock "1:03:45"]
[Variant "Standard"]

1. e4 {[%clk 1:30:58]}  c5 {[%clk 1:30:46]} 2. Nf3 {[%clk 1:31:22]}  e6 {[%clk 1:31:10]} 3. Nc3 {[%clk 1:31:33]}  Nc6 {[%clk 1:31:07]} 4. d4 {[%clk 1:31:48]}  cxd4 {[%clk 1:31:30]} 5. Nxd4 {[%clk 1:32:13]}  Qc7 {[%clk 1:31:53]} 6. Be3 {[%clk 1:30:09]}  a6 {[%clk 1:32:16]} 7. a3 {[%clk 1:29:24]}  Nf6 {[%clk 1:32:30]} 8. Be2 {[%clk 1:27:44]}  Be7 {[%clk 1:32:45]} 9. O-O {[%clk 1:23:16]}  O-O {[%clk 1:33:04]} 10. f4 {[%clk 1:22:34]}  d6 {[%clk 1:29:03]} 11. Bf3 {[%clk 1:15:36]}  Bd7 {[%clk 1:28:27]} 12. Nb3 {[%clk 1:12:08]}  Na5 {[%clk 1:20:19]} 13. Nxa5 {[%clk 1:10:26]}  Qxa5 {[%clk 1:20:22]} 14. Qd2 {[%clk 1:07:31]}  Qc7 {[%clk 1:20:15]} 15. g4 {[%clk 0:52:29]}  Bc6 {[%clk 1:19:38]} 16. Qg2 {[%clk 0:51:48]}  d5 {[%clk 1:11:22]} 17. e5 {[%clk 0:47:19]}  Nd7 {[%clk 1:11:31]} 18. Ne2 {[%clk 0:47:09]}  Bb5 {[%clk 1:11:44]} 19. Rfc1 {[%clk 0:46:14]}  Bxe2 {[%clk 1:11:23]} 20. Qxe2 {[%clk 0:46:05]}  Bc5 {[%clk 1:09:03]} 21. Bxc5 {[%clk 0:35:08]}  Qxc5+ {[%clk 1:09:16]} 22. Kg2 {[%clk 0:35:29]}  Qd4 {[%clk 1:08:22]} 23. Kg3 {[%clk 0:21:07]}  Qxb2 {[%clk 1:08:15]} 24. c4 {[%clk 0:21:33]}  Qxe2 {[%clk 1:07:57]} 25. Bxe2 {[%clk 0:21:52]}  Nc5 {[%clk 1:07:57]} 26. Rab1 {[%clk 0:20:53]}  d4 {[%clk 1:00:30]} 27. Bf3 {[%clk 0:21:08]}  Rab8 {[%clk 1:00:46]} 28. Rb6 {[%clk 0:20:59]}  Rfd8 {[%clk 1:00:16]} 29. Rcb1 {[%clk 0:19:49]}  d3 {[%clk 1:00:22]} 30. Kf2 {[%clk 0:19:09]}  d2 {[%clk 0:59:33]} 31. Ke2 {[%clk 0:09:57]}  Na4 {[%clk 0:54:55]} 32. R6b3 {[%clk 0:10:18]}  Rd4 {[%clk 0:53:04]} 33. Rd3 {[%clk 0:09:29]}  Rbd8 {[%clk 0:53:15]} 34. Rxd4 {[%clk 0:08:15]}  Rxd4 {[%clk 0:53:34]} 35. Ke3 {[%clk 0:08:26]}  Rd7 {[%clk 0:53:05]} 36. c5 {[%clk 0:07:22]}  Nxc5 {[%clk 0:50:20]} 37. Rd1 {[%clk 0:07:45]}  Nb3 {[%clk 0:50:17]} 38. Rb1 {[%clk 0:07:10]}  Na5 {[%clk 0:49:07]} 39. Be2 {[%clk 0:06:46]}  Nc4+ {[%clk 0:49:01]} 40. Kf2 {[%clk 0:21:50]}  Nxa3 {[%clk 1:04:13]} 41. Rd1 {[%clk 0:22:16]}  g6 {[%clk 1:03:45]} 0-1

[Event "Open"]
[Site "Tallinn, EE"]
[Date "2024.12.14"]
[Round "2.1"]
[White "Kull, Tormi"]
[Black "Volodin, Aleksandr"]
[Result "0-1"]
[Board "1"]
[TimeControl "40/5400+30"]
[WhiteFideId "4510151"]
[BlackFideId "4501950"]
[WhiteTitle "CM"]
[BlackTitle "GM"]
[WhiteElo "2233"]
[BlackElo "2466"]
[WhiteTeam "EST"]
[BlackTeam "EST"]
[WhiteClock "0:25:42"]
[BlackClock "0:09:57"]
[Variant "Standard"]

1. c4 {[%clk 1:30:57]}  e6 {[%clk 1:30:49]} 2. g3 {[%clk 1:31:20]}  d5 {[%clk 1:31:10]} 3. Bg2 {[%clk 1:31:41]}  Nf6 {[%clk 1:30:34]} 4. Nf3 {[%clk 1:32:01]}  Be7 {[%clk 1:28:39]} 5. b3 {[%clk 1:27:59]}  a5 {[%clk 1:24:45]} 6. Bb2 {[%clk 1:24:20]}  c6 {[%clk 1:24:57]} 7. O-O {[%clk 1:23:19]}  O-O {[%clk 1:07:44]} 8. Qc2 {[%clk 1:22:26]}  a4 {[%clk 1:02:49]} 9. bxa4 {[%clk 1:12:06]}  Qa5 {[%clk 1:02:56]} 10. Nc3 {[%clk 1:10:27]}  dxc4 {[%clk 1:01:16]} 11. Rfc1 {[%clk 1:04:37]}  Nbd7 {[%clk 0:58:52]} 12. Ne4 {[%clk 0:59:26]}  Qxa4 {[%clk 0:39:39]} 13. Nxf6+ {[%clk 0:58:31]}  Nxf6 {[%clk 0:34:41]} 14. Qxc4 {[%clk 0:55:03]}  Qxc4 {[%clk 0:34:36]} 15. Rxc4 {[%clk 0:55:24]}  Rd8 {[%clk 0:34:41]} 16. d3 {[%clk 0:50:34]}  Nd5 {[%clk 0:34:49]} 17. Be5 {[%clk 0:47:07]}  f6 {[%clk 0:34:51]} 18. Bd4 {[%clk 0:47:12]}  Ra3 {[%clk 0:27:32]} 19. Bb2 {[%clk 0:46:25]}  Ra6 {[%clk 0:27:32]} 20. Nd4 {[%clk 0:40:16]}  Bd7 {[%clk 0:23:34]} 21. Nb3 {[%clk 0:38:57]}  Rda8 {[%clk 0:23:47]} 22. Nc1 {[%clk 0:36:35]}  Kf7 {[%clk 0:22:03]} 23. Bxd5 {[%clk 0:32:55]}  exd5 {[%clk 0:21:52]} 24. Rc2 {[%clk 0:32:04]}  c5 {[%clk 0:21:36]} 25. e4 {[%clk 0:30:03]}  dxe4 {[%clk 0:18:37]} 26. dxe4 {[%clk 0:29:53]}  b5 {[%clk 0:18:49]} 27. e5 {[%clk 0:28:45]}  c4 {[%clk 0:19:09]} 28. exf6 {[%clk 0:28:53]}  gxf6 {[%clk 0:19:17]} 29. Bd4 {[%clk 0:27:06]}  Bf5 {[%clk 0:19:22]} 30. Rc3 {[%clk 0:26:46]}  Rd8 {[%clk 0:19:11]} 31. Rf3 {[%clk 0:25:34]}  Bh3 {[%clk 0:09:36]} 32. Rf4 {[%clk 0:25:37]}  Re6 {[%clk 0:09:56]} 33. f3 {[%clk 0:25:42]}  Rxd4 {[%clk 0:09:57]} 0-1

[Event "Open"]
[Site "Tallinn, EE"]
[Date "2024.12.15"]
[Round "2.2"]
[White "Volodin, Aleksandr"]
[Black "Kull, Tormi"]
[Result "1-0"]
[Board "1"]
[TimeControl "40/5400+30"]
[WhiteFideId "4501950"]
[BlackFideId "4510151"]
[WhiteTitle "GM"]
[BlackTitle "CM"]
[WhiteElo "2466"]
[BlackElo "2233"]
[WhiteTeam "EST"]
[BlackTeam "EST"]
[WhiteClock "0:09:57"]
[BlackClock "0:32:30"]
[Variant "Standard"]

1. d4 {[%clk 1:29:44]}  Nf6 {[%clk 1:30:56]} 2. c4 {[%clk 1:30:06]}  g6 {[%clk 1:31:19]} 3. g3 {[%clk 1:30:32]}  Bg7 {[%clk 1:31:42]} 4. Bg2 {[%clk 1:30:57]}  O-O {[%clk 1:32:04]} 5. Nf3 {[%clk 1:31:07]}  d6 {[%clk 1:32:20]} 6. O-O {[%clk 1:31:31]}  Nbd7 {[%clk 1:32:42]} 7. Nc3 {[%clk 1:30:29]}  e5 {[%clk 1:33:05]} 8. e4 {[%clk 1:30:55]}  c6 {[%clk 1:31:53]} 9. h3 {[%clk 1:28:22]}  Qb6 {[%clk 1:31:33]} 10. Re1 {[%clk 1:19:47]}  exd4 {[%clk 1:30:57]} 11. Nxd4 {[%clk 1:19:24]}  Re8 {[%clk 1:29:53]} 12. Na4 {[%clk 1:10:47]}  Qa6 {[%clk 1:22:55]} 13. b3 {[%clk 1:08:42]}  Nc5 {[%clk 1:18:06]} 14. Nc3 {[%clk 1:00:18]}  Nfd7 {[%clk 1:16:13]} 15. Be3 {[%clk 0:54:05]}  Qa5 {[%clk 1:07:48]} 16. Qc2 {[%clk 0:53:25]}  Ne5 {[%clk 0:57:29]} 17. Rad1 {[%clk 0:52:56]}  Qb4 {[%clk 0:48:10]} 18. f4 {[%clk 0:38:14]}  Ned7 {[%clk 0:47:44]} 19. Nb1 {[%clk 0:26:12]}  a5 {[%clk 0:46:57]} 20. a3 {[%clk 0:25:21]}  Qb6 {[%clk 0:47:19]} 21. Nd2 {[%clk 0:23:34]}  Nf6 {[%clk 0:40:56]} 22. Bf2 {[%clk 0:23:37]}  h5 {[%clk 0:40:02]} 23. N4f3 {[%clk 0:21:50]}  Qc7 {[%clk 0:37:42]} 24. Ng5 {[%clk 0:18:05]}  Ne6 {[%clk 0:36:33]} 25. Ndf3 {[%clk 0:18:05]}  Nxg5 {[%clk 0:30:22]} 26. Nxg5 {[%clk 0:18:31]}  c5 {[%clk 0:27:33]} 27. Qd2 {[%clk 0:15:15]}  a4 {[%clk 0:26:02]} 28. b4 {[%clk 0:15:35]}  cxb4 {[%clk 0:26:15]} 29. Qxb4 {[%clk 0:16:00]}  Ra6 {[%clk 0:26:00]} 30. c5 {[%clk 0:12:11]}  dxc5 {[%clk 0:25:12]} 31. Bxc5 {[%clk 0:12:20]}  Nd7 {[%clk 0:23:05]} 32. Bd4 {[%clk 0:10:32]}  Bxd4+ {[%clk 0:22:58]} 33. Qxd4 {[%clk 0:10:36]}  Qc5 {[%clk 0:21:22]} 34. e5 {[%clk 0:08:46]}  Qxa3 {[%clk 0:21:17]} 35. Ne4 {[%clk 0:09:04]}  Rf8 {[%clk 0:19:19]} 36. Ra1 {[%clk 0:07:04]}  Qb3 {[%clk 0:19:14]} 37. Reb1 {[%clk 0:07:08]}  Qc2 {[%clk 0:18:57]} 38. Rc1 {[%clk 0:07:23]}  Qb3 {[%clk 0:18:27]} 39. Rab1 {[%clk 0:03:14]}  Qe6 {[%clk 0:18:14]} 40. Nd6 {[%clk 0:17:50]}  Rc6 {[%clk 0:31:48]} 41. Bxc6 {[%clk 0:14:39]}  bxc6 {[%clk 0:31:49]} 42. Rxc6 {[%clk 0:15:02]}  Qxh3 {[%clk 0:31:49]} 43. Qf2 {[%clk 0:14:37]}  Nxe5 {[%clk 0:31:19]} 44. Rxc8 {[%clk 0:11:23]}  Rxc8 {[%clk 0:31:26]} 45. Nxc8 {[%clk 0:11:51]}  Nd3 {[%clk 0:31:47]} 46. Ne7+ {[%clk 0:11:13]}  Kf8 {[%clk 0:32:09]} 47. Nxg6+ {[%clk 0:09:38]}  fxg6 {[%clk 0:32:31]} 48. Rb8+ {[%clk 0:10:02]}  Kf7 {[%clk 0:32:46]} 49. Qa7+ {[%clk 0:10:21]}  Ke6 {[%clk 0:33:09]} 50. Qe3+ {[%clk 0:09:57]}  Kd5 {[%clk 0:32:30]} 1-0

[Event "Open"]
[Site "Tallinn, EE"]
[Date "2024.12.14"]
[Round "2.1"]
[White "Narva, Mai"]
[Black "Rychagov, Nikita"]
[Result "1/2-1/2"]
[Board "2"]
[TimeControl "40/5400+30"]
[WhiteFideId "4500512"]
[BlackFideId "4508394"]
[WhiteTitle "IM"]
[BlackTitle "CM"]
[WhiteElo "2413"]
[BlackElo "2240"]
[WhiteTeam "EST"]
[BlackTeam "EST"]
[WhiteClock "0:02:37"]
[BlackClock "0:20:45"]
[Variant "Standard"]

1. e4 {[%clk 1:30:57]}  e5 {[%clk 1:30:54]} 2. Nf3 {[%clk 1:31:18]}  Nc6 {[%clk 1:31:15]} 3. Bb5 {[%clk 1:31:36]}  a6 {[%clk 1:31:14]} 4. Ba4 {[%clk 1:31:59]}  Nf6 {[%clk 1:31:37]} 5. O-O {[%clk 1:32:08]}  b5 {[%clk 1:31:17]} 6. Bb3 {[%clk 1:32:31]}  Bb7 {[%clk 1:31:41]} 7. d3 {[%clk 1:32:25]}  Bc5 {[%clk 1:32:03]} 8. Be3 {[%clk 1:32:37]}  d6 {[%clk 1:23:13]} 9. Bxc5 {[%clk 1:23:48]}  dxc5 {[%clk 1:23:35]} 10. Nc3 {[%clk 1:23:59]}  O-O {[%clk 1:19:48]} 11. a4 {[%clk 1:23:38]}  b4 {[%clk 1:19:16]} 12. Nd5 {[%clk 1:23:42]}  Bc8 {[%clk 1:08:31]} 13. Nxf6+ {[%clk 1:14:14]}  Qxf6 {[%clk 1:08:56]} 14. Bd5 {[%clk 1:14:21]}  Bg4 {[%clk 1:07:46]} 15. h3 {[%clk 1:13:53]}  Bxf3 {[%clk 1:08:12]} 16. Qxf3 {[%clk 1:14:13]}  Qd6 {[%clk 1:08:31]} 17. c3 {[%clk 1:13:07]}  Rab8 {[%clk 1:01:50]} 18. a5 {[%clk 1:01:48]}  Rb5 {[%clk 0:53:10]} 19. Qg3 {[%clk 0:48:37]}  Ne7 {[%clk 0:40:51]} 20. Bc4 {[%clk 0:48:51]}  Rbb8 {[%clk 0:41:19]} 21. f4 {[%clk 0:45:43]}  Ng6 {[%clk 0:40:35]} 22. f5 {[%clk 0:41:42]}  Nf4 {[%clk 0:40:31]} 23. Rf2 {[%clk 0:41:13]}  bxc3 {[%clk 0:40:35]} 24. bxc3 {[%clk 0:41:38]}  Rfd8 {[%clk 0:38:57]} 25. Rd1 {[%clk 0:39:34]}  Qh6 {[%clk 0:35:08]} 26. Qe3 {[%clk 0:35:22]}  Qh5 {[%clk 0:33:38]} 27. Rdf1 {[%clk 0:30:40]}  Qg5 {[%clk 0:33:58]} 28. Kh2 {[%clk 0:29:59]}  h5 {[%clk 0:30:19]} 29. Qxc5 {[%clk 0:21:12]}  Nxd3 {[%clk 0:30:24]} 30. Bxd3 {[%clk 0:21:34]}  Rxd3 {[%clk 0:30:51]} 31. Qxe5 {[%clk 0:18:24]}  h4 {[%clk 0:27:07]} 32. Kh1 {[%clk 0:18:25]}  Qg3 {[%clk 0:18:29]} 33. Qxg3 {[%clk 0:11:48]}  hxg3 {[%clk 0:18:48]} 34. Rf3 {[%clk 0:12:12]}  Rbd8 {[%clk 0:19:02]} 35. Kg1 {[%clk 0:07:11]}  Kh7 {[%clk 0:16:17]} 36. e5 {[%clk 0:04:15]}  Kg8 {[%clk 0:13:39]} 37. Re1 {[%clk 0:03:59]}  Kf8 {[%clk 0:12:37]} 38. f6 {[%clk 0:02:44]}  Rxf3 {[%clk 0:10:25]} 39. gxf3 {[%clk 0:02:14]}  gxf6 {[%clk 0:10:43]} 40. exf6 {[%clk 0:17:40]}  Rd6 {[%clk 0:25:17]} 41. Kg2 {[%clk 0:07:11]}  Rxf6 {[%clk 0:25:39]} 42. Rb1 {[%clk 0:06:00]}  Rc6 {[%clk 0:25:27]} 43. Rb8+ {[%clk 0:06:07]}  Kg7 {[%clk 0:24:32]} 44. Ra8 {[%clk 0:06:28]}  Rxc3 {[%clk 0:24:27]} 45. Rxa6 {[%clk 0:06:45]}  Ra3 {[%clk 0:24:45]} 46. Kxg3 {[%clk 0:05:44]}  c5 {[%clk 0:24:51]} 47. Ra8 {[%clk 0:06:04]}  c4 {[%clk 0:25:10]} 48. Rc8 {[%clk 0:06:21]}  Rxa5 {[%clk 0:25:28]} 49. Rxc4 {[%clk 0:06:46]}  Ra1 {[%clk 0:24:51]} 50. h4 {[%clk 0:06:43]}  Rg1+ {[%clk 0:25:01]} 51. Kf4 {[%clk 0:07:07]}  Ra1 {[%clk 0:24:26]} 52. Rc5 {[%clk 0:07:08]}  Ra4+ {[%clk 0:24:46]} 53. Kg3 {[%clk 0:07:13]}  Kg6 {[%clk 0:24:06]} 54. Rg5+ {[%clk 0:06:27]}  Kf6 {[%clk 0:23:48]} 55. Kh3 {[%clk 0:03:34]}  Rb4 {[%clk 0:23:17]} 56. Rg4 {[%clk 0:03:46]}  Rb5 {[%clk 0:23:28]} 57. Ra4 {[%clk 0:04:01]}  Kg6 {[%clk 0:23:08]} 58. Kg4 {[%clk 0:04:16]}  Rb1 {[%clk 0:21:03]} 59. Ra6+ {[%clk 0:04:29]}  Kg7 {[%clk 0:21:14]} 60. f4 {[%clk 0:03:08]}  Rg1+ {[%clk 0:21:34]} 61. Kh5 {[%clk 0:03:21]}  Rf1 {[%clk 0:21:38]} 62. Ra4 {[%clk 0:03:46]}  Rf2 {[%clk 0:21:06]} 63. Kg4 {[%clk 0:04:03]}  Rg2+ {[%clk 0:21:23]} 64. Kf3 {[%clk 0:04:08]}  Rh2 {[%clk 0:21:29]} 65. Kg3 {[%clk 0:04:10]}  Rh1 {[%clk 0:21:50]} 66. Ra5 {[%clk 0:04:13]}  Rg1+ {[%clk 0:21:12]} 67. Kf3 {[%clk 0:04:30]}  Rf1+ {[%clk 0:21:09]} 68. Kg4 {[%clk 0:04:52]}  Rg1+ {[%clk 0:21:16]} 69. Kh5 {[%clk 0:05:14]}  Rf1 {[%clk 0:20:49]} 70. Ra4 {[%clk 0:02:24]}  Rf2 {[%clk 0:20:45]} 71. Rb4 {[%clk 0:02:37]} 1/2-1/2